[Event "ICS rated blitz match"]
[Site "204.178.125.65"]
[Date "2001.09.12"]
[Round "?"]
[White "Hossa"]
[Black "Tinker"]
[Result "0-1"]
[WhiteElo "2620"]
[BlackElo "2576"]
[PlyCount "196"]
[EventDate "2001.??.??"]

1. e4 c5 2. Nf3 d6 3. d4 cxd4 4. Nxd4 Nf6 5. Nc3 a6 6. Be2 e5 7. Nb3 Be7 8. g4
h6 9. f4 Nh7 10. O-O Nc6 11. Nd5 Nf6 12. Be3 O-O 13. Nd2 Nxd5 14. exd5 exf4 15.
Rxf4 Ne5 16. Rd4 Re8 17. Ne4 Bf6 18. Rb4 a5 19. Bb6 Qe7 20. Ra4 Nd7 21. Bf2
Bxb2 22. Rb1 Nf6 23. Nxf6+ Bxf6 24. Bd3 Bh4 25. Bb6 Bd7 26. Re4 Qxe4 27. Bxe4
Rxe4 28. Qf3 Rxg4+ 29. Kh1 Rc4 30. Qd3 Rac8 31. Bxa5 Rxc2 32. Rxb7 Rc1+ 33. Kg2
R8c2+ 34. Bd2 Bc8 35. Rb8 Rxa2 36. Kf3 Rc7 37. h3 Be7 38. Be3 Rac2 39. Qe4 Bf8
40. Qe8 R2c3 41. Kf2 h5 42. Ra8 Rc2+ 43. Kf3 R2c4 44. Bd2 Re7 45. Qd8 Rd7 46.
Qe8 Rdc7 47. Rb8 Rc2 48. Bb4 Rc1 49. Ba5 R7c2 50. Ke3 Rc7 51. Qd8 Rd7 52. Qg5
Re7+ 53. Kd3 Ba6+ 54. Kd2 Rce1 55. Kc2 R1e5 56. Qh4 f6 57. Rb6 Bf1 58. Rb1 Bg2
59. Rb8 Bxd5 60. Bb4 Rc7+ 61. Kd2 Rc4 62. Qg3 Rc6 63. Ba5 Be4 64. Qb3+ Bd5 65.
Qg3 Be6 66. Bc3 h4 67. Qd3 Rd5 68. Bd4 f5 69. Re8 Bf7 70. Rb8 Rc7 71. Ra8 Rb7
72. Rc8 Be6 73. Rc1 Rb3 74. Rc3 Rb4 75. Rc4 Rxc4 76. Qxc4 g5 77. Qa4 f4 78. Kc3
Bxh3 79. Qe8 Bf5 80. Qh5 Bh7 81. Qe8 Rf5 82. Qe6+ Rf7 83. Qd5 Bf5 84. Bf6 Bg7
85. Bxg7 Kxg7 86. Qxd6 f3 87. Qd8 Bg6 88. Qd4+ Rf6 89. Qa7+ Bf7 90. Qf2 h3 91.
Kd4 h2 92. Qxh2 f2 93. Qg2 f1=Q 94. Qxg5+ Bg6 95. Qa5 Qd3+ 96. Kc5 Bf7 97. Qa6
Rxa6 98. Kb4 Qc4# {Hossa checkmated} 0-1

[Event "ICS rated blitz match"]
[Site "204.178.125.65"]
[Date "2001.09.12"]
[Round "?"]
[White "Hossa"]
[Black "salzi"]
[Result "1-0"]
[WhiteElo "2602"]
[BlackElo "2076"]
[PlyCount "37"]
[EventDate "2001.??.??"]

1. e4 c5 2. Nf3 d6 3. d4 cxd4 4. Nxd4 Nf6 5. Nc3 a6 6. Be3 e5 7. Nb3 Be7 8. f3
O-O 9. Qd2 Qc7 10. Be2 Be6 11. O-O Nbd7 12. Rfd1 Rac8 13. Qe1 Rfe8 14. Qf2 Bf8
15. Rd2 b5 16. a4 b4 17. Nd5 Nxd5 18. exd5 Bf5 19. Bxa6 {salzi resigns} 1-0

[Event "ICS rated blitz match"]
[Site "204.178.125.65"]
[Date "2001.09.12"]
[Round "?"]
[White "salzi"]
[Black "Hossa"]
[Result "0-1"]
[WhiteElo "2075"]
[BlackElo "2603"]
[PlyCount "32"]
[EventDate "2001.??.??"]

1. d4 Nc6 2. d5 Nb8 3. e4 e6 4. dxe6 fxe6 5. Bd3 Nc6 6. c3 Nf6 7. Bg5 Be7 8.
Nf3 O-O 9. h4 d6 10. Nbd2 Ng4 11. Qe2 Bd7 12. O-O-O Nce5 13. Bc2 Ng6 14. Bxe7
Qxe7 15. Ng5 Nxf2 16. Nxh7 Nf4 {salzi resigns} 0-1

[Event "ICS rated blitz match"]
[Site "204.178.125.65"]
[Date "2001.09.12"]
[Round "?"]
[White "Hossa"]
[Black "GreyVoodoo"]
[Result "1-0"]
[WhiteElo "2604"]
[BlackElo "2000"]
[PlyCount "27"]
[EventDate "2001.??.??"]

1. e4 c6 2. d4 b5 3. Bd3 f6 4. Nf3 d6 5. O-O Nd7 6. d5 cxd5 7. exd5 Bb7 8. Ng5
Ne5 9. Bxb5+ Nd7 10. Ne6 Qb6 11. Qg4 Bxd5 12. Bxd7+ Kxd7 13. Nxf8+ Ke8 14. Qxg7
{GreyVoodoo resigns} 1-0

[Event "ICS rated blitz match"]
[Site "204.178.125.65"]
[Date "2001.09.12"]
[Round "?"]
[White "juupar"]
[Black "Hossa"]
[Result "1/2-1/2"]
[WhiteElo "2218"]
[BlackElo "2604"]
[PlyCount "151"]
[EventDate "2001.??.??"]

1. c4 Nf6 2. Nc3 e5 3. g3 Bb4 4. Nd5 Nxd5 5. cxd5 O-O 6. Bg2 c6 7. e3 d6 8. Qb3
Bc5 9. Ne2 Qe7 10. O-O Kh8 11. d4 exd4 12. Nxd4 Bxd4 13. exd4 Bg4 14. Bf4 Rd8
15. Rfe1 Qd7 16. Rac1 a5 17. Qe3 Ra6 18. Qe7 Rb6 19. b3 a4 20. Qxd7 Bxd7 21.
Bxd6 Ra6 22. b4 Ra8 23. a3 cxd5 24. Bxb8 Raxb8 25. Bxd5 Bh3 26. Bg2 Bxg2 27.
Kxg2 Rxd4 28. Rc7 h6 29. Rxf7 b5 30. Ree7 Rg8 31. Rf5 Rb8 32. Ree5 Kh7 33. h4
Rb7 34. h5 Rd2 35. Rxb5 Rxb5 36. Rxb5 Rd3 37. Ra5 Rxa3 38. g4 Ra1 39. b5 a3 40.
b6 Rb1 41. Rxa3 Rxb6 42. Kg3 g5 43. hxg6+ Kxg6 44. Ra5 Re6 45. f3 Rd6 46. Rb5
Kf7 47. Rc5 Ke7 48. Rc7+ Kf6 49. Rh7 Kg6 50. Rh8 Kg7 51. Re8 Kf7 52. Rc8 Rb6
53. Rc7+ Ke6 54. Rc5 Ra6 55. Rh5 Kd7 56. g5 Ra5 57. Rxh6 Rxg5+ 58. Kf4 Rg2 59.
Ke4 Ke7 60. Rh5 Kf8 61. Rf5+ Kg8 62. Kf4 Rh2 63. Rg5+ Kf8 64. Kf5 Rh1 65. f4
Rf1 66. Kg6 Rxf4 67. Rg3 Kg8 68. Kg5 Rf2 69. Rg2 Rxg2+ 70. Kh5 Kh7 71. Kh4 Kg6
72. Kh3 Rg5 73. Kh4 Kf5 74. Kh3 Kf4 75. Kh4 Re5 76. Kh3 {
Hossa ran out of time and juupar has no material to mate} 1/2-1/2

[Event "ICS rated blitz match"]
[Site "204.178.125.65"]
[Date "2001.09.12"]
[Round "?"]
[White "Hossa"]
[Black "stawgorin"]
[Result "1-0"]
[WhiteElo "2591"]
[BlackElo "2112"]
[PlyCount "117"]
[EventDate "2001.??.??"]

1. e4 e6 2. d4 d6 3. Bd3 d5 4. exd5 exd5 5. Nf3 Nf6 6. O-O Be7 7. Bf4 O-O 8.
Re1 c6 9. c3 Bd6 10. Bxd6 Qxd6 11. Nbd2 Be6 12. Ng5 Nbd7 13. Ndf3 Rfe8 14. Qc2
h6 15. Bh7+ Kf8 16. Nxe6+ Rxe6 17. Rxe6 Qxe6 18. Bf5 Qd6 19. Bxd7 Qxd7 20. Ne5
Qd6 21. Re1 Re8 22. Qa4 a6 23. Qb3 Qc7 24. Re3 Nd7 25. Nxd7+ Qxd7 26. Rxe8+
Kxe8 27. Qc2 Qe6 28. Kf1 g6 29. Qe2 Qxe2+ 30. Kxe2 h5 31. b3 Ke7 32. f4 Ke6 33.
Kf3 Kf5 34. g3 f6 35. h3 g5 36. g4+ hxg4+ 37. hxg4+ Ke6 38. f5+ Kd6 39. Ke3 Kd7
40. c4 Kd6 41. c5+ Kd7 42. Kd2 Kc7 43. Kc3 Kd7 44. Kb4 Kc7 45. Ka5 Kc8 46. Kb6
Kb8 47. b4 Kc8 48. a4 Kb8 49. b5 axb5 50. axb5 cxb5 51. Kxb5 Kc7 52. Kb4 Kc6
53. Ka5 Kc7 54. Kb5 Kd7 55. Kb6 Kc8 56. c6 bxc6 57. Kxc6 Kd8 58. Kd6 Ke8 59.
Ke6 {stawgorin resigns} 1-0

[Event "ICS rated blitz match"]
[Site "204.178.125.65"]
[Date "2001.09.12"]
[Round "?"]
[White "RivalChess"]
[Black "Hossa"]
[Result "0-1"]
[WhiteElo "2135"]
[BlackElo "2593"]
[PlyCount "152"]
[EventDate "2001.??.??"]

1. e4 c5 2. Nf3 d6 3. Nc3 e6 4. Bb5+ Bd7 5. O-O Be7 6. d4 cxd4 7. Qxd4 Bxb5 8.
Nxb5 a6 9. Qxg7 Bf6 10. Nxd6+ Qxd6 11. e5 Qxe5 12. Qxh8 Bxh8 13. Nxe5 Bxe5 14.
a3 Nc6 15. Rd1 Nd4 16. c3 Nb3 17. Rb1 Ne7 18. Be3 Nd5 19. Bd4 Bxd4 20. cxd4 Nf4
21. Kf1 Rd8 22. g3 Ng6 23. f4 Rxd4 24. Rxd4 Nxd4 25. Rd1 e5 26. fxe5 Nf3 27. h4
Nfxe5 28. a4 Ne7 29. b4 Nf5 30. Kf2 Ke7 31. b5 axb5 32. axb5 Nd6 33. Kg2 Ke6
34. b6 Nec4 35. Rb1 Kd7 36. Kh1 Kc6 37. Rc1 Kxb6 38. Ra1 Ne3 39. Ra3 Ng4 40.
Ra4 f5 41. Ra8 Kc5 42. Ra7 h6 43. Ra2 b5 44. Ra5 Kc4 45. Ra1 Ne4 46. Rc1+ Nc3
47. Kg1 b4 48. Rc2 b3 49. Rd2 Ne4 50. Rd7 b2 51. Rb7 Kc3 52. h5 Nxg3 53. Rc7+
Kb3 54. Rb7+ Ka2 55. Ra7+ Kb1 56. Kg2 Nxh5 57. Re7 Nf4+ 58. Kh1 h5 59. Ra7 h4
60. Ra5 h3 61. Ra8 Nd3 62. Kg1 h2+ 63. Kg2 Nf4+ 64. Kh1 Ne2 65. Kg2 Ng3 66. Rh8
h1=Q+ 67. Rxh1+ Nxh1 68. Kh3 Kc2 69. Kh4 b1=Q 70. Kg5 Qb6 71. Kxf5 Ng3+ 72.
Kxg4 Ne4 73. Kf3 Kd3 74. Kf4 Qg6 75. Ke5 Qf6+ 76. Kd5 Qd6# {
RivalChess checkmated} 0-1

[Event "ICS rated blitz match"]
[Site "204.178.125.65"]
[Date "2001.09.12"]
[Round "?"]
[White "Hossa"]
[Black "Dorky"]
[Result "1-0"]
[WhiteElo "2596"]
[BlackElo "2465"]
[PlyCount "101"]
[EventDate "2001.??.??"]

1. e4 e5 2. Nf3 Nc6 3. Bb5 a6 4. Ba4 Nf6 5. O-O Be7 6. Re1 b5 7. Bb3 d6 8. c3
O-O 9. d4 Nd7 10. Qe2 Na5 11. Bc2 f6 12. a4 c6 13. axb5 cxb5 14. b3 Bb7 15. Bb2
Rc8 16. Nh4 exd4 17. cxd4 Nc6 18. Nf5 g6 19. Nxe7+ Qxe7 20. Qd2 Rfe8 21. Na3
Nb6 22. d5 Ne5 23. Rec1 Nbd7 24. Bd4 Rc7 25. f4 Nf7 26. b4 Rec8 27. Qd3 Qe8 28.
Qh3 Nd8 29. Kh1 Qf7 30. Qh6 a5 31. bxa5 b4 32. Re1 bxa3 33. Bd3 Nb8 34. Rxa3
Rc1 35. Ra1 Rxe1+ 36. Rxe1 Ba6 37. Qh3 Rc7 38. Bxa6 Nxa6 39. Bb6 Rd7 40. Rc1
Nb7 41. Rc8+ Kg7 42. f5 Re7 43. fxg6 Qxg6 44. Rc3 Qxe4 45. Rg3+ Kh8 46. Bg1 Qc4
47. Qf5 Qc3 48. Rxc3 Re3 49. Rc8+ Kg7 50. Qg4+ Kh6 51. Bxe3# {Dorky checkmated}
1-0

[Event "ICS rated blitz match"]
[Site "204.178.125.65"]
[Date "2001.09.12"]
[Round "?"]
[White "nyul"]
[Black "Hossa"]
[Result "0-1"]
[WhiteElo "2105"]
[BlackElo "2606"]
[PlyCount "67"]
[EventDate "2001.??.??"]

1. e4 c5 2. c4 Nc6 3. d3 g6 4. Nf3 Bg7 5. Nc3 Nf6 6. Be2 d6 7. h3 O-O 8. Be3
Nd7 9. Qd2 Nd4 10. Bd1 f5 11. Bh6 fxe4 12. dxe4 Nxf3+ 13. Bxf3 Bxh6 14. Qxh6
Ne5 15. Be2 Nf7 16. Qe3 Bd7 17. O-O e6 18. Rad1 Qe7 19. f4 Bc6 20. Bf3 Rab8 21.
b3 Rbc8 22. Kh2 b6 23. Rd2 a6 24. a4 Ra8 25. Rfd1 Rad8 26. Rg1 Rd7 27. Rgd1 Rc8
28. Rg1 Rb8 29. g4 Rf8 30. Qf2 g5 31. Qg3 gxf4 32. Qf2 Qf6 33. Ne2 Ng5 34. e5 {
nyul resigns} 0-1

[Event "ICS rated blitz match"]
[Site "204.178.125.65"]
[Date "2001.09.12"]
[Round "?"]
[White "gambitmaster"]
[Black "Hossa"]
[Result "1-0"]
[WhiteElo "2885"]
[BlackElo "2608"]
[PlyCount "106"]
[EventDate "2001.??.??"]

1. e4 e6 2. d4 d5 3. e5 c5 4. c3 Qb6 5. Nf3 Nc6 6. a3 Nh6 7. b4 cxd4 8. cxd4
Nf5 9. Bb2 Be7 10. h4 Bd7 11. g4 Nh6 12. Rg1 a5 13. b5 Na7 14. Nc3 Rc8 15. Bd3
Ng8 16. Rh1 h5 17. g5 Nxb5 18. Bxb5 Bxb5 19. Qb3 Rxc3 20. Bxc3 a4 21. Qb2 Qa6
22. Bb4 Bc6 23. Rh2 Qd3 24. Nd2 Bxb4 25. Qxb4 Ne7 26. O-O-O Nf5 27. Nf1 Qf3 28.
Ng3 Nxg3 29. fxg3 Qxg3 30. Rdd2 Rg8 31. Kb2 Qe3 32. Rc2 Rf8 33. Rxc6 bxc6 34.
Qb8+ Ke7 35. Qd6+ Ke8 36. Qxc6+ Ke7 37. Qc5+ Ke8 38. Qb5+ Ke7 39. Qb4+ Kd8 40.
Qxf8+ Kd7 41. Qd6+ Ke8 42. Qc6+ Ke7 43. Qxa4 Kf8 44. Qa8+ Ke7 45. Qa7+ Kf8 46.
Qb8+ Ke7 47. Qb4+ Ke8 48. Rc2 f6 49. gxf6 Kf7 50. fxg7 Qxd4+ 51. Qxd4 Kxg7 52.
Rg2+ Kf8 53. Qb6 Kf7 {Hossa resigns} 1-0

[Event "ICS rated blitz match"]
[Site "204.178.125.65"]
[Date "2001.09.12"]
[Round "?"]
[White "Hossa"]
[Black "gambitmaster"]
[Result "1-0"]
[WhiteElo "2603"]
[BlackElo "2890"]
[PlyCount "116"]
[EventDate "2001.??.??"]

1. e4 c6 2. d4 d5 3. Nc3 dxe4 4. Nxe4 Nd7 5. Bc4 Ngf6 6. Ng5 e6 7. Qe2 Nb6 8.
Bd3 h6 9. N5f3 c5 10. dxc5 Bxc5 11. Ne5 Nbd7 12. Ngf3 Qc7 13. O-O O-O 14. Bf4
Bd6 15. Nxd7 Bxd7 16. Bxd6 Qxd6 17. Ne5 Rfd8 18. Rfd1 Qb6 19. c4 Bc6 20. Rd2
Be4 21. Bxe4 Rxd2 22. Qxd2 Nxe4 23. Qe2 f5 24. Rd1 Rd8 25. Rxd8+ Qxd8 26. Qh5
Qf8 27. Qg6 Qe7 28. g4 Ng5 29. Kg2 Nf7 30. Nf3 Qd7 31. gxf5 exf5 32. b3 a6 33.
h3 Nd6 34. Ne5 Qe7 35. f4 b6 36. Kf3 a5 37. Ke3 a4 38. h4 axb3 39. axb3 b5 40.
Kd3 bxc4+ 41. bxc4 Qc7 42. Qe6+ Kh8 43. Kd4 Qd8 44. c5 Nb7+ 45. Kc4 Qa8 46.
Qxf5 Qa4+ 47. Kd5 Qb3+ 48. Kc6 Na5+ 49. Kd6 Nc4+ 50. Nxc4 Qxc4 51. c6 Qd4+ 52.
Kc7 Qc4 53. h5 Kg8 54. Kd7 Qa4 55. Qd5+ Kh8 56. f5 Kh7 57. f6 gxf6 58. Qf7+ Kh8
{gambitmaster resigns} 1-0

[Event "ICS rated blitz match"]
[Site "204.178.125.65"]
[Date "2001.09.13"]
[Round "?"]
[White "DuongThanh"]
[Black "Hossa"]
[Result "0-1"]
[WhiteElo "2272"]
[BlackElo "2630"]
[PlyCount "58"]
[EventDate "2001.??.??"]

1. c4 e5 2. e4 Nf6 3. Nc3 Bc5 4. g3 d6 5. h3 O-O 6. Bg2 Be6 7. d3 Nc6 8. Nge2
Nd7 9. O-O f5 10. exf5 Rxf5 11. Ne4 Qe8 12. N2c3 Bb6 13. Be3 Qe7 14. Bxb6 Nxb6
15. Kh2 Nd4 16. f3 Raf8 17. a4 d5 18. cxd5 Nxd5 19. Nxd5 Bxd5 20. h4 Bb3 21.
Qc1 Nxf3+ 22. Bxf3 Rxf3 23. Rxf3 Rxf3 24. Qc3 Bd5 25. Ng5 Rf2+ 26. Kh3 Qf6 27.
Qxc7 Qf5+ 28. g4 Qxd3+ 29. Nf3 Qxf3# {DuongThanh checkmated} 0-1

[Event "ICS rated blitz match"]
[Site "204.178.125.65"]
[Date "2001.09.13"]
[Round "?"]
[White "Hossa"]
[Black "libertad"]
[Result "1-0"]
[WhiteElo "2635"]
[BlackElo "2076"]
[PlyCount "49"]
[EventDate "2001.??.??"]

1. e4 e5 2. Nf3 Nc6 3. Nc3 Nf6 4. g3 Bb4 5. Bg2 O-O 6. O-O d5 7. exd5 Nxd5 8.
Nxe5 Nxc3 9. dxc3 Qxd1 10. Rxd1 Nxe5 11. cxb4 Bg4 12. Re1 Nf3+ 13. Bxf3 Bxf3
14. Bf4 h6 15. Re3 Bg4 16. Bxc7 Rac8 17. Rc3 Rfe8 18. Rc1 Re2 19. Kf1 Rce8 20.
Kg2 Rd2 21. Bf4 Rde2 22. Be3 g5 23. h3 Be6 24. Kf3 Rxe3+ 25. Rxe3 {
libertad resigns} 1-0

[Event "ICS rated blitz match"]
[Site "204.178.125.65"]
[Date "2001.09.13"]
[Round "?"]
[White "libertad"]
[Black "Hossa"]
[Result "0-1"]
[WhiteElo "2075"]
[BlackElo "2636"]
[PlyCount "40"]
[EventDate "2001.??.??"]

1. e4 c5 2. Nf3 d6 3. d4 cxd4 4. Nxd4 Nf6 5. Nc3 a6 6. Be2 e5 7. Nb3 Be7 8. O-O
O-O 9. f4 Nc6 10. f5 a5 11. a3 a4 12. Nd2 d5 13. g4 Nd4 14. g5 Nxe4 15. Ndxe4
dxe4 16. Nxe4 Bxf5 17. Ng3 Bxc2 18. Qd2 Qb6 19. Kh1 Qc6+ 20. Kg1 Bc5 {
libertad resigns} 0-1

[Event "ICS rated blitz match"]
[Site "204.178.125.65"]
[Date "2001.09.13"]
[Round "?"]
[White "Hossa"]
[Black "libertad"]
[Result "1-0"]
[WhiteElo "2637"]
[BlackElo "2074"]
[PlyCount "83"]
[EventDate "2001.??.??"]

1. e4 e5 2. Nf3 Nc6 3. Nc3 Nf6 4. g3 Bb4 5. Bg2 O-O 6. O-O Bxc3 7. bxc3 Nxe4 8.
Nxe5 Nxe5 9. Bxe4 d5 10. Bxh7+ Kxh7 11. Qh5+ Kg8 12. Qxe5 Re8 13. Qh5 c5 14.
Ba3 b6 15. Rfe1 Be6 16. d4 c4 17. Re5 Qd7 18. Qh4 Bg4 19. Rg5 f5 20. Qh6 Re2
21. Rg6 Rae8 22. Bd6 Bf3 23. Be5 R8xe5 24. dxe5 Rxe5 25. Qg5 Qe7 26. Qxe7 Rxe7
27. Rd6 Re2 28. Rc1 Be4 29. Kf1 Rd2 30. Ke1 Rxc2 31. Rxc2 Bxc2 32. Rxd5 Be4 33.
Rd7 a5 34. Rd8+ Kf7 35. Rb8 Bb1 36. a3 Ba2 37. Rb7+ Kg8 38. Kd2 a4 39. Ke3 Bb3
40. Rxb6 Kf7 41. Kf4 g6 42. Kg5 {libertad resigns} 1-0

[Event "ICS rated blitz match"]
[Site "204.178.125.65"]
[Date "2001.09.13"]
[Round "?"]
[White "libertad"]
[Black "Hossa"]
[Result "0-1"]
[WhiteElo "2073"]
[BlackElo "2638"]
[PlyCount "49"]
[EventDate "2001.??.??"]

1. e4 c5 2. Nf3 d6 3. d4 cxd4 4. Nxd4 Nf6 5. Nc3 a6 6. Be2 e5 7. Nb3 Be7 8. O-O
Be6 9. Be3 O-O 10. Kh1 b5 11. f4 Nbd7 12. f5 Bxb3 13. axb3 b4 14. Nd5 Nxd5 15.
exd5 Qc8 16. g4 Bd8 17. Rc1 Qb7 18. Bf3 Re8 19. g5 Bb6 20. Bxb6 Qxb6 21. f6 g6
22. Qe1 Qd4 23. Rd1 Qf4 24. Qg3 Qxg3 25. h3 {libertad resigns} 0-1

[Event "ICS rated blitz match"]
[Site "204.178.125.65"]
[Date "2001.09.13"]
[Round "?"]
[White "Hossa"]
[Black "libertad"]
[Result "1-0"]
[WhiteElo "2639"]
[BlackElo "2072"]
[PlyCount "41"]
[EventDate "2001.??.??"]

1. e4 e5 2. Nf3 Nc6 3. Bb5 a6 4. Ba4 Nf6 5. O-O b5 6. Bb3 Be7 7. Re1 Na5 8.
Nxe5 O-O 9. Nxf7 Rxf7 10. Bxf7+ Kxf7 11. e5 Ne8 12. Qf3+ Kg8 13. Qd5+ Kh8 14.
Qxa8 Nc6 15. e6 Nd6 16. Nc3 Nc4 17. Nd5 Bc5 18. e7 Bxe7 19. Nxe7 Nxe7 20. Rxe7
Nb6 21. Qe4 {libertad resigns} 1-0

[Event "ICS rated blitz match"]
[Site "204.178.125.65"]
[Date "2001.09.13"]
[Round "?"]
[White "libertad"]
[Black "Hossa"]
[Result "0-1"]
[WhiteElo "2071"]
[BlackElo "2640"]
[PlyCount "31"]
[EventDate "2001.??.??"]

1. d4 d5 2. c4 c6 3. Nf3 Nf6 4. Nc3 g6 5. Bg5 dxc4 6. a4 h6 7. Bxf6 exf6 8. e4
f5 9. Bxc4 fxe4 10. Nxe4 Bb4+ 11. Nc3 Qe7+ 12. Qe2 Qxe2+ 13. Kxe2 O-O 14. Kd3
a5 15. Rae1 Nd7 16. Re7 {libertad resigns} 0-1

[Event "ICS rated blitz match"]
[Site "204.178.125.65"]
[Date "2001.09.13"]
[Round "?"]
[White "Hossa"]
[Black "LinuxKnight"]
[Result "0-1"]
[WhiteElo "2641"]
[BlackElo "2809"]
[PlyCount "82"]
[EventDate "2001.??.??"]

1. e4 d5 2. d4 dxe4 3. Nc3 Nf6 4. f3 exf3 5. Nxf3 Bg4 6. Be2 e6 7. O-O Be7 8.
Bf4 O-O 9. Qd2 c5 10. Rad1 Nc6 11. Kh1 cxd4 12. Nxd4 Nxd4 13. Qxd4 Qxd4 14.
Rxd4 Bxe2 15. Nxe2 Nd5 16. Bd2 Rad8 17. Rd1 e5 18. Rd3 e4 19. Rb3 Bc5 20. Rf1
Rd7 21. Bc1 a6 22. Nf4 Nxf4 23. Bxf4 Re8 24. h4 e3 25. Re1 e2 26. Bg3 b5 27. a3
Rd2 28. Rc3 Bd4 29. Rc6 Bxb2 30. Kh2 h6 31. Kh3 Rd1 32. Bf2 Bc1 33. Rxa6 Bd2
34. Rxe2 Rxe2 35. Bg3 Rh1+ 36. Kg4 h5+ 37. Kxh5 Re4 38. c4 Rhxh4+ 39. Bxh4 Kh7
40. Rh6+ Bxh6 41. cxb5 g6# {Hossa checkmated} 0-1

[Event "ICS rated blitz match"]
[Site "204.178.125.65"]
[Date "2001.09.13"]
[Round "?"]
[White "LinuxKnight"]
[Black "Hossa"]
[Result "1-0"]
[WhiteElo "2818"]
[BlackElo "2632"]
[PlyCount "57"]
[EventDate "2001.??.??"]

1. e4 c5 2. Nf3 d6 3. d4 cxd4 4. Nxd4 Nf6 5. Nc3 a6 6. Bg5 e6 7. f4 Nc6 8. Nxc6
bxc6 9. e5 h6 10. Bh4 g5 11. fxg5 Nd5 12. Nxd5 cxd5 13. Qh5 Qb6 14. Be2 dxe5
15. g6 Qb4+ 16. c3 Qxb2 17. gxf7+ Kd7 18. O-O Qxc3 19. Bf6 Rh7 20. Kh1 Qc2 21.
Rad1 e4 22. Bg4 Qxa2 23. Rxd5+ Kc6 24. Rc1+ Qc4 25. Rxc4+ Kb6 26. Bd4+ Bc5 27.
Rdxc5 e5 28. Rc7+ exd4 29. R4c6# {Hossa checkmated} 1-0

[Event "ICS rated blitz match"]
[Site "204.178.125.65"]
[Date "2001.09.13"]
[Round "?"]
[White "Hossa"]
[Black "Tyrel"]
[Result "1-0"]
[WhiteElo "2624"]
[BlackElo "2225"]
[PlyCount "105"]
[EventDate "2001.??.??"]

1. e4 d6 2. Nc3 Nf6 3. Nf3 Nbd7 4. d4 e5 5. Bd3 Be7 6. O-O O-O 7. Qe2 c6 8.
dxe5 dxe5 9. Rd1 Qc7 10. Ng5 b5 11. a4 b4 12. Na2 a5 13. b3 Nc5 14. Bc4 h6 15.
Nxf7 Rxf7 16. Bxf7+ Kxf7 17. f3 Ba6 18. Qf2 Ne6 19. Be3 Kg8 20. Rd2 Kh7 21.
Rad1 Bc8 22. Nc1 Nh5 23. Nd3 Nhf4 24. Kh1 Bg5 25. Nxf4 Nxf4 26. Bb6 Qf7 27. Rd6
Be6 28. Rxc6 Bxb3 29. cxb3 Qxb3 30. Ra1 Nd3 31. Qf1 Qb2 32. Rd1 Nf4 33. Rc5 Qa2
34. Bxa5 Qxa4 35. Ra1 Qb3 36. Rb1 Qa4 37. Bxb4 Rb8 38. Bc3 Qa3 39. Rc6 Rd8 40.
Bxe5 Ng6 41. Bc3 Rf8 42. Bb4 Qa8 43. Ra6 Qe8 44. Bxf8 Qxf8 45. Qb5 Qf7 46. Qb7
Qxb7 47. Rxb7 Bf6 48. Rxf6 Nf4 49. Rxf4 Kg6 50. Rb6+ Kg5 51. Rf5+ Kh4 52. g3+
Kh3 53. Rh5# {Tyrel checkmated} 1-0

[Event "ICS rated blitz match"]
[Site "204.178.125.65"]
[Date "2001.09.13"]
[Round "?"]
[White "Hossa"]
[Black "salzi"]
[Result "1-0"]
[WhiteElo "2627"]
[BlackElo "2074"]
[PlyCount "25"]
[EventDate "2001.??.??"]

1. e4 c5 2. Nf3 d6 3. d4 cxd4 4. c3 d3 5. Bxd3 Nc6 6. O-O Nf6 7. Qe2 Bg4 8. Be3
a6 9. Nbd2 Ne5 10. Rfd1 Nfd7 11. Bc4 Nxf3+ 12. Nxf3 Ne5 13. Nxe5 {salzi resigns
} 1-0

[Event "ICS rated blitz match"]
[Site "204.178.125.65"]
[Date "2001.09.13"]
[Round "?"]
[White "DefaultSwap"]
[Black "Hossa"]
[Result "0-1"]
[WhiteElo "2028"]
[BlackElo "2628"]
[PlyCount "84"]
[EventDate "2001.??.??"]

1. e4 d5 2. exd5 Qxd5 3. Nc3 Qe6+ 4. Be2 Qg6 5. Nf3 Qxg2 6. Rg1 Qh3 7. Bc4 e6
8. d4 h6 9. Bf4 c6 10. Ne4 Nd7 11. Qe2 g5 12. Bg3 g4 13. Nh4 Nb6 14. Bb3 Be7
15. O-O-O Bxh4 16. Nd6+ Kf8 17. Bxh4 Qxh4 18. Rxg4 Qxh2 19. Rdg1 Qxd6 20. Rg7
Qf4+ 21. Kb1 Nf6 22. Qd3 Qxf2 23. Qh3 Ke7 24. a3 Qxd4 25. Qh4 Qxh4 26. Ka2 Nc4
27. R7g3 Nd2 28. R3g2 Nxb3 29. cxb3 Nd5 30. Rd2 f5 31. Rgd1 Kd6 32. a4 e5 33.
Ka3 Qb4+ 34. Ka2 Be6 35. Rd3 e4 36. Rd4 Qa5 37. b4 Qxa4+ 38. Kb1 Ke5 39. b3
Nc3+ 40. Kc2 Qxb3+ 41. Kd2 Qxd1+ 42. Kxc3 Qc1# {DefaultSwap checkmated} 0-1

[Event "ICS rated blitz match"]
[Site "204.178.125.65"]
[Date "2001.09.13"]
[Round "?"]
[White "Hossa"]
[Black "DefaultSwap"]
[Result "1-0"]
[WhiteElo "2629"]
[BlackElo "2027"]
[PlyCount "77"]
[EventDate "2001.??.??"]

1. e4 e5 2. Nf3 Nc6 3. Nc3 Nf6 4. g3 Bc5 5. Bg2 d6 6. O-O h5 7. d3 Be6 8. Na4
h4 9. Nxh4 Rxh4 10. gxh4 Bg4 11. Qd2 Qd7 12. Nxc5 dxc5 13. Qg5 O-O-O 14. f3 Bh3
15. Bxh3 Qxh3 16. Be3 Kb8 17. Bxc5 Rh8 18. Bf2 Nd4 19. Bxd4 exd4 20. e5 Nd5 21.
Qg4 Qxh4 22. Qxh4 Rxh4 23. Rf2 Rh5 24. Rg2 g6 25. e6 fxe6 26. Rxg6 b6 27. Rxe6
Ne3 28. c4 Rg5+ 29. Kh1 Rf5 30. Re4 c5 31. f4 Kb7 32. Rg1 Ka6 33. b4 Nc2 34.
bxc5 bxc5 35. Re6+ Ka5 36. Rb1 Nb4 37. a3 Nxd3 38. Rb5+ Ka4 39. Ra6# {
DefaultSwap checkmated} 1-0

[Event "ICS rated blitz match"]
[Site "204.178.125.65"]
[Date "2001.09.13"]
[Round "?"]
[White "LinuxKnight"]
[Black "Hossa"]
[Result "1-0"]
[WhiteElo "2794"]
[BlackElo "2630"]
[PlyCount "96"]
[EventDate "2001.??.??"]

1. e4 d5 2. exd5 Qxd5 3. d4 e5 4. Nf3 Nc6 5. Nc3 Bb4 6. Bd2 Bxc3 7. Bxc3 e4 8.
Ne5 Nxe5 9. dxe5 Qxd1+ 10. Rxd1 Ne7 11. Bc4 Bg4 12. Rd4 Bf5 13. h3 e3 14. fxe3
Bxc2 15. O-O Bf5 16. Rdf4 Be6 17. Bxe6 fxe6 18. Bb4 g5 19. Rf7 Nd5 20. Rf8+ Kd7
21. R8f7+ Kd8 22. Bd2 h6 23. e4 Ne7 24. R1f6 Kd7 25. Bb4 Rhe8 26. Rxh6 c5 27.
Bxc5 Rac8 28. Bd6 Rc1+ 29. Kf2 Rc2+ 30. Kg3 Rd2 31. Ba3 Rd3+ 32. Kg4 Re3 33.
Rhh7 Rxa3 34. bxa3 a6 35. Kxg5 Kd8 36. Rhg7 a5 37. h4 b6 38. h5 Ng8 39. Rd7+
Kc8 40. Ra7 Kb8 41. Rgb7+ Kc8 42. Ra8+ Kxb7 43. Rxe8 Nh6 44. Kxh6 Kc7 45. Rxe6
b5 46. Kg7 Kc8 47. Re7 Kd8 48. Kf7 Kc8 {Hossa resigns} 1-0

[Event "ICS rated blitz match"]
[Site "204.178.125.65"]
[Date "2001.09.13"]
[Round "?"]
[White "Hossa"]
[Black "Gernon"]
[Result "1-0"]
[WhiteElo "2621"]
[BlackElo "2047"]
[PlyCount "119"]
[EventDate "2001.??.??"]

1. e4 c5 2. Nf3 Nc6 3. Bb5 Nd4 4. Nxd4 cxd4 5. O-O e6 6. c3 Qb6 7. Qe2 Ne7 8.
cxd4 Qxd4 9. d3 a6 10. Be3 Qb4 11. Bc4 b5 12. Bb3 Nc6 13. Nd2 Bb7 14. Rac1 Be7
15. Nf3 Qa5 16. Nd4 Nxd4 17. Bxd4 O-O 18. Qg4 f6 19. Qh5 Rac8 20. Be3 Qd8 21.
Rxc8 Qxc8 22. Rc1 Qb8 23. Qh4 Qe5 24. Rc2 Qd6 25. Rd2 a5 26. f4 a4 27. Bd1 Bd8
28. Qh5 Bb6 29. Bxb6 Qxb6+ 30. Rf2 d5 31. Bf3 Rc8 32. g4 g6 33. Qh4 Kg7 34. e5
Rf8 35. Kg2 d4 36. exf6+ Rxf6 37. Qg5 Bxf3+ 38. Kxf3 Qc6+ 39. Kg3 Rf7 40. Qe5+
Kg8 41. Re2 Qc7 42. Re4 Qxe5 43. Rxe5 Rb7 44. Rxe6 Rc7 45. Kf3 Rc2 46. Re2 Rc1
47. Ke4 Rg1 48. h3 Rg3 49. Rh2 Kf7 50. Kxd4 Rf3 51. Ke4 Rf1 52. Rc2 Rh1 53.
Rc7+ Kg8 54. Ke5 Rxh3 55. Kf6 h5 56. f5 gxf5 57. g5 Rxd3 58. Rc8+ Kh7 59. g6+
Kh6 60. Rh8# {Gernon checkmated} 1-0

[Event "ICS rated blitz match"]
[Site "204.178.125.65"]
[Date "2001.09.13"]
[Round "?"]
[White "grovgo"]
[Black "Hossa"]
[Result "0-1"]
[WhiteElo "2070"]
[BlackElo "2621"]
[PlyCount "48"]
[EventDate "2001.??.??"]

1. d4 d5 2. Nf3 Nf6 3. c4 dxc4 4. e3 e6 5. Bxc4 c5 6. O-O a6 7. Qe2 cxd4 8. Rd1
Bd6 9. exd4 b5 10. Bb3 O-O 11. Nc3 Bb7 12. Bg5 b4 13. Na4 Nbd7 14. Nc5 Bxc5 15.
dxc5 Qa5 16. Rac1 Rac8 17. Be3 Nxc5 18. Bc2 Bd5 19. Bb1 Nb7 20. Rxc8 Rxc8 21.
b3 Bxf3 22. Qxf3 Qc7 23. Qh3 Rd8 24. Rc1 Qxc1+ {grovgo resigns} 0-1